Genovés (Record no. 11554)
[ view plain ]
| 000 - LÍDER | |
|---|---|
| campo de control de longitud fija | 01382nam a2200265Ia 4500 |
| 008 - ELEMENTOS DE DATOS DE LONGITUD FIJA - INFORMACIÓN GENERAL | |
| campo de control de longitud fija | 0000002000 sp ad 0000000000mul00 |
| 020 ## - INTERNATIONAL STANDARD BOOK NUMBER | |
| International Standard Book Number | 8448221532 |
| 090 ## - NÚMERO DE LLAMADA DE TIPO LC LOCALMENTE ASIGNADO (OCLC) | |
| Número de clasificación (OCLC) (R) | PSP00 G17g1 |
| 100 1# - ENTRADA PRINCIPAL - NOMBRE PERSONAL | |
| Nombre de la persona | García, Manuel |
| 245 10 - TÍTULO DECLARACIÓN | |
| Título | Genovés |
| Declaración de responsabilidad | / teXtos Manuel García, Juan Genovés, María Jesús Rodríguez Gallego ; traducción Agustín Nieto, Brendam Lambe ; fotografías Michael Gutman ...[et al.] |
| 264 ## - AVISO DE PRODUCCIÓN, PUBLICACIÓN, DISTRIBUCIÓN, FABRICACIÓN Y DERECHOS DE AUTOR | |
| Lugar de producción | Valencia (España) : Consorci de Museum de la Comunitat Valenciana |
| 260 ## - PUBLICACIÓN, DISTRIBUCIÓN | |
| Fecha de publicación | 2000 |
| 300 ## - DESCRIPCIÓN FÍSICA | |
| Alcance | 2 (v |
| Dimensiones | / 25 cm. |
| 500 ## - NOTA GENERAL | |
| Nota general | EXposición realizada en Museo de Arte Contemporáneo de Caracas Sofía Imber, febrero 27 abril 3, 2000 \ TeXto bilingue : españo inglés \ Proyecto Ganador Programa Apoyos Concertados FGAA 2010 |
| 501 ## - Con nota | |
| Con nota | : (v.1) Secuencias, 19931998 Genovés : pintar secuencias, dibujar sueños / Manuel García Tres encuentros con el pintor Joan Genovés / Marcel García Secuencias (v.2) Sueños : 19951996 |
| 600 00 - ENTRADA DE SUJETO AÑADIDO - NOMBRE PERSONAL | |
| Nombre de la persona | GENOVES, JUAN, 1930/ |
| Subdivisión general | TRABAJOS PICTORICOS |
| 650 14 - ENTRADA DE SUJETO AÑADIDO - TÉRMINO TÓPICO | |
| Término tópico o elemento de entrada del nombre geográfico | ARTE CONTEMPORANEO ESPAÑOL |
| 650 14 - ENTRADA DE SUJETO AÑADIDO - TÉRMINO TÓPICO | |
| Término tópico o elemento de entrada del nombre geográfico | ARTISTAS PLASTICOS ESPAÑOLES EXPOSIONES |
| 650 14 - ENTRADA DE SUJETO AÑADIDO - TÉRMINO TÓPICO | |
| Subdivisión general | CATALOGOS |
| 650 14 - ENTRADA DE SUJETO AÑADIDO - TÉRMINO TÓPICO | |
| Término tópico o elemento de entrada del nombre geográfico | DIBUJOS ESPAÑOLES |
| 650 14 - ENTRADA DE SUJETO AÑADIDO - TÉRMINO TÓPICO | |
| Subdivisión general | EXPOSICIONES |
| 650 14 - ENTRADA DE SUJETO AÑADIDO - TÉRMINO TÓPICO | |
| Término tópico o elemento de entrada del nombre geográfico | PINTORES ESPAÑOLES |
| 650 14 - ENTRADA DE SUJETO AÑADIDO - TÉRMINO TÓPICO | |
| Término tópico o elemento de entrada del nombre geográfico | PINTURA ESPAÑOLA |
| 700 1# - ENTRADA AGREGADA - NOMBRE PERSONAL | |
| Nombre de la persona | Rodríguez Gallego, María Jesús \ Nieto, Agustin \ Lambe, Brendam \ Gutman, Michael |
| Estado de retirada | Pérdida de estatus | Estado dañado | No para préstamo | Código de recogida | Ubicación permanente | Ubicación actual | Ubicación de las estanterías | Fecha de adquisición | Número de llamada completo | Código de barras | Fecha de la última vez que se vio | Número de copia | Precio efectivo desde | Tipo de artículo Koha |
|---|---|---|---|---|---|---|---|---|---|---|---|---|---|---|
| General | ArtNexus | ArtNexus | General | 06/09/2022 | P-SP-00 G17G1 | 11664 | 06/09/2022 | V.1 Ej.1 | 06/09/2022 | Libro | ||||
| General | ArtNexus | ArtNexus | General | 06/09/2022 | P-SP-00 G17G1 | 11665 | 06/09/2022 | V.1 Ej.2 | 06/09/2022 | Libro |